Statystyki dla 15 krajów o największej liczbie zgonów Covid19 - 6 października 2021

Kliknij tutaj aby rozwiązać quiz!

Ogólne statystyki

  • Ten quiz został rozwiązany 13 razy
  • Średni wynik to 8 z 25

Statystyki odpowiedzi

kraj% Poprawnych
Rosja
85%
Brazylia
77%
Niemcy
77%
Stany Zjednoczone
77%
Francja
69%
Indie
62%
Meksyk
62%
Argentyna
54%
Włochy
54%
Kolumbia
23%
Wielka Brytania
23%
Belgia
15%
Czechy
15%
Indonezja
15%
Iran
15%
Peru
15%
Republika
Południowej Afryki
15%
Słowacja
15%
Węgry
15%
Bośnia i Hercegowina
8%
Macedonia Północna
8%
Słowenia
8%
Bułgaria
0%
Gruzja
0%
Paragwaj
0%

Rozkład punktacji

Percentyl według liczby udzielonych odpowiedzi

Procent ludzi z każdym wynikiem

Twoja historia wyników

Nie rozwiązałeś tego quizu